000 00961 a2200157 4500
003 NUST
005 20221119152721.0
008 221119b ||||| |||| 00| 0 eng d
082 _a515,TAN
100 _aTan, Soo T.
_9103147
245 _aCalculus Early Transcendentals /
_cSoo T. Tan
260 _aUSA
_bBrooks/Cole, Cengage Learning
_c2011
300 _axx, 1320p.
505 _aPreliminaries (Page-1), Limits (Page-99), The Derivative (Page-163), Applications of th ederivative (Page-281), Integration (Page-403), Applications of the dfinite Integral (Page-497), Techniques of intergration (Page-593), Differential Equations (Page-663), Infinite Sequences and Series (Page-725), Conic Section, Plane Curves, andpolar Coordinates (Page-823), Vectors and the geometry of space (Page-897), Vector-valued functions (Page-979), Funciton of several Variables (Page-1029), Multiple integrals (Page-1143), Vector Analysis (Page-1219).
942 _2ddc
_cBK
_k515,TAN
999 _c592413
_d592413